000
00273nam a2200097Ia 4500
082
_a
ETF KITC
245
0
_a
Bracelet 12-005-35700
100
_a
KITCHING, Garth Malvern, South Africa, 2001 1st ed
_9
63490
942
_c
BK
008
210817s9999 xx 000 0 und d
999
_c
201229
_d
201229